000 00663nam a2200205Ia 4500
001 5358
003 GE_BSU
008 181216s||||||||xx |||||||||||||| ||und||
040 _cGE_BSU
080 _a517(075.8)
100 _aГлаголев, А.А. Солнцева, Т.В.
245 _aКурс высшей математики.
245 _bУчеб. пособие. для студентов инженерно-экономичес. специаль. втузов.
260 _aМосква
260 _bВысшая школа
260 _c1965
300 _a591 с. 22 см.
653 _aКурс высшей математики.
942 _cBK
999 _c38935
_d38935